MESTSKÁ KNIŽNICA GIRALTOVCE  - online katalóg 

Technika amatérskeho filmu (Record no. 14924)

000 -NÁVESTIE
fixed length control field 00958nam a2200241 a 4500
008 - ÚDAJE S PEVNOU DĹŽKOU – VŠEOBECNÉ INFORMÁCIE
fixed length control field 951213s1977||||CS 0 slo c
020 ## - MEDZINÁRODNÉ ŠTANDARDNÉ ČÍSLO KNIHY (ISBN)
Údaje o dostupnosti 22 Kčs.
Qualifying information (5000 výtl.)
040 ## - ZDROJ KATALOGIZÁCIE
Pôvodná katalogizujúca agentúra SNK
Jazyk katalogizácie slo
Prepisujúca agentúra SNK
Konvencie popisu AACR2
044 ## - KÓD KRAJINY VYDAVATEĽA/PRODUCENTA
Kód krajiny MARC xo
Kód krajiny ISO SK
080 ## - ČÍSLO MEDZINÁRODNÉHO DESATINNÉHO TRIEDENIA (MDT)
Číslo Medzinárodného desatinného triedenia (MDT) 791.43.073:778.5(024)
080 ## - ČÍSLO MEDZINÁRODNÉHO DESATINNÉHO TRIEDENIA (MDT)
Číslo Medzinárodného desatinného triedenia (MDT) 778.5(024)
041 ## - KÓD JAZYKA
Kód jazyka textu/zvukovej stopy alebo samostatných nápisov slo
100 1# - OSOBNÉ MENÁ – VŠEOBECNÉ INFORMÁCIE
Osobné meno Hofman, Miroslav
245 10 - NÁZOV
Názov Technika amatérskeho filmu
Údaj o zodpovednosti atď. Miroslav Hofman, Jiří Rentz ; Svetozár Mydlo
250 ## - ÚDAJ O PORADÍ VYDANIA
Údaj o poradí vydania 1., vyd.
260 ## - VYDAVATEĽSKÉ ÚDAJE, DISTRIBÚCIA ATĎ.
Miesto publikovania, distribúcie atď. Bratislava
Názov vydavateľa, distibútora atď. Alfa
Dátum publikovania, distribúcie atď. 1977
Miesto výroby Martin
Výrobca Tlačiarne SNP
300 ## - FYZICKÝ POPIS
Rozsah 199 s., 16,17 AH
Ďalšie fyzické detaily Tb. Fareb a čiernobiele fot. Grafy. Sch.
Rozmery 21 cm
490 0# - EDÍCIA
Edícia Knižnica Urob si sám
500 ## - VŠEOBECNÁ POZNÁMKA
Formátovaná poznámka o obsahu Lit. 26. Kniha je určená pre filmových amatérov, ZK ROH, mládežnícke organizácie a ako učebná pomôcka pre prísl. štud. odbory. 26 zázn. lit. o knihách a fir. lit. v jaz. čes., nem., angl., franc. a japon.
700 1# - PRIDANÝ VSTUP – OSOBNÉ MENO
Osobné meno Rentz, Jiří
Kód roly aut
700 1# - PRIDANÝ VSTUP – OSOBNÉ MENO
Osobné meno Mydlo, Svetozár
Kód roly gup
958 ## - Formálny deskriptor
Formálny deskriptor A
Holdings
Stav stiahnutia (Blokovanie) (Withrawn status) Stav straty Stav poškodenia (Damaged status) Nie pre výpožičky (Not for loan) Spôsob nadobudnutia (Collection code) Trvalé umiestnenie Aktuálne umiestnenie Dátum nadobudnutia Náklady, bežná kúpna cena Inventárne číslo (prírastkové číslo) Full call number Dátum posledného výskytu Cena s účinnosťou od Typ jednotky Koha
        Kúpa Mestská knižnica Giraltovce Mestská knižnica Giraltovce 2019-11-29 22.00 13965 I 0064 2019-11-29 2019-11-29 Odborná literatúra pre dospelých

Powered by Koha